000 00620nam a22002297a 4500
003 UA-OsUOA
001 87810
007 ta
008 20120925b un ||||| |||| 00| 0 ukr d
100 _aВяткина Р. Р.
090 _a94(680)
_bВ-99
942 _cBK
040 _aUA-OsUOA
_brus
_cUA-OsUOA
_dUA-OsUOA
245 _aСоздание Южно-Африканского Союза (1902 - 1910)
300 _a225 с.
955 _a1
041 _arus
080 _a94(680)
260 _aМ.
_bНаука
_c1976
650 7 _a9 Географія. Біографії. Історія
_2UDC
999 _c374115
_d374115